[Event "It (open)"]
[Site "masterchessopen.com Metz (France)"]
[Round "3"]
[White "Wiley Tom E (ENG)"]
[Black "Sokolov Andrei (FRA)"]
[Result "0-1"]
[WhiteElo "2242"]
[BlackElo "2602"]

1.d4 Nf6 2.c4 e6 3.Nc3 Bb4 4.Qc2 d5 5.cxd5 exd5 6.Bg5 c5 7.dxc5 h6 8.Bxf6 Qxf6
9.e3 Nd7 10.Rd1 Bxc3+ 11.Qxc3 Qxc3+ 12.bxc3 Nxc5 13.Rxd5 b6 14.Bb5+ Ke7 15.Bc6
Rb8 16.Ne2 Ba6 17.Nd4 Bc4 18.Nf5+ Kf6 19.Rd4 b5 20.Nd6 Rb6 21.Bf3 Bxa2 22.O-O
Be6 23.Be2 Rhb8 24.f4 Ke7 25.Ne4 Nxe4 26.Rxe4 f5 27.Re5 Kf6 28.Ra1 a6 29.Kf2
Rc8 30.Ra3 Rd6 31.g4 fxg4 32.Rxe6+ Rxe6 33.Bxg4 b4 34.cxb4 Rc2+ 35.Kg3 Rec6
36.Bf3 R2c3 37.Bxc6 Rxa3 38.Kf3 Rb3 {#R} 0-1

[Event "Cup Russia (open)"]
[Site "masterchessopen.com Toljatti (Russia)"]
[Round "4"]
[White "Doroshkievich Vladimir K (RUS)"]
[Black "Loginov Valery A (RUS)"]
[Result "1-0"]
[WhiteElo "2412"]
[BlackElo "2513"]

1.d4 Nf6 2.c4 e6 3.Nc3 Bb4 4.Qc2 d5 5.cxd5 exd5 6.Bg5 h6 7.Bxf6 Qxf6 8.a3
Bxc3+ 9.Qxc3 O-O 10.e3 Bf5 11.Ne2 Nd7 12.Nf4 c6 13.Be2 Qe7 14.O-O Nf6 15.b4
Ne4 16.Qb2 Nd6 17.b5 g5 18.Nh5 cxb5 19.Bxb5 Bg6 20.Be2 Rad8 21.Ng3 f5 22.Bd3
Rf6 23.Rfe1 Re6 24.Nf1 Kh8 25.Qb4 Bf7 26.Qc5 f4 27.Qxa7 f3 28.gxf3 Bh5 29.Nd2
Qf7 30.Qa5 Rde8 31.Be2 Rf6 32.Rac1 Rxf3 33.Nxf3 Ne4 34.Qb6 Re6 35.Rc8+ Kg7
36.Qd8 {#r} 1-0

[Event "It (open)"]
[Site "masterchessopen.com Zaragoza (Spain)"]
[Round "7"]
[White "Gosset Arnaud (FRA)"]
[Black "Gomez Luesia Jesus (ESP)"]
[Result "0-1"]
[WhiteElo "2075"]
[BlackElo "2206"]

1.d4 Nf6 2.c4 e6 3.Nc3 Bb4 4.Qc2 d5 5.cxd5 exd5 6.Bg5 O-O 7.e3 h6 8.Bxf6 Qxf6
9.a3 Bxc3+ 10.Qxc3 Re8 11.Nf3 Bf5 12.Qxc7 Nc6 13.Be2 Rac8 14.Qxb7 Rb8 15.Qa6
Rb6 16.Qa4 Rxb2 17.Bb5 Be4 18.Bxc6 Bxf3 19.Bxe8 Re2+ 20.Kd1 Ra2+ {#R} 0-1

[Event "It (open)"]
[Site "masterchessopen.com Bad Wiessee (Germany)"]
[Date "2001.10.30"]
[Round "5"]
[White "Lorscheid Gerhard (GER)"]
[Black "Becker Thomas (GER)"]
[Result "1-0"]
[WhiteElo "2312"]
[BlackElo "2158"]

1.d4 Nf6 2.c4 e6 3.Nc3 Bb4 4.Qc2 d5 5.cxd5 exd5 6.Bg5 h6 7.Bxf6 Qxf6 8.e3 c6
9.Bd3 O-O 10.Nf3 Bd6 11.h3 Re8 12.O-O-O a5 13.Kb1 Bf8 14.Ne5 Nd7 15.f4 Nxe5
16.fxe5 Qd8 17.Rhf1 Be6 18.Na4 Rc8 19.Nc5 Bxc5 20.Qxc5 b6 21.Qa3 c5 22.Bc2
cxd4 23.Qd3 Rxc2 24.Kxc2 dxe3 25.Qxe3 Bf5+ 26.Kd2 Be4 27.Rf2 Rxe5 28.Rc1 d4
29.Qg3 Qe7 30.a3 Bg6 31.Rc4 Kh7 32.Rxd4 Qc7 33.Qb3 Rc5 34.Re2 Qh2 35.Qd1 Qg3
36.Qf1 Qg5+ 37.Qf4 {#r} 1-0

[Event "Ch France (team) (2) 2001/02"]
[Site "masterchessopen.com France"]
[Round "8"]
[White "Labadie Jean-Jacques (FRA)"]
[Black "Romieux Sebastien (FRA)"]
[Result "0-1"]
[WhiteElo "2044"]
[BlackElo "2224"]

1.d4 Nf6 2.c4 e6 3.Nc3 Bb4 4.Qc2 d5 5.cxd5 exd5 6.Bg5 O-O 7.Nf3 c5 8.e3 Nc6
9.dxc5 d4 10.Rd1 Bf5 11.Qxf5 dxc3 12.bxc3 Bxc3+ 13.Ke2 Qa5 14.Nd4 Bxd4 15.exd4
Qxa2+ 16.Kf3 Qb3+ 17.Qd3 Nxd4+ 18.Kg3 Ne4+ 19.Kh4 Nf5+ 20.Kh5 Nxf2 {#R} 0-1

[Event "Ch France (team) (2) 2001/02"]
[Site "masterchessopen.com France"]
[Round "10"]
[White "Lazarev Vladimir (FRA)"]
[Black "Dunis Aurelien (FRA)"]
[Result "1-0"]
[WhiteElo "2506"]
[BlackElo "2378"]

1.d4 Nf6 2.c4 e6 3.Nc3 Bb4 4.Qc2 d5 5.cxd5 exd5 6.Bg5 h6 7.Bxf6 Qxf6 8.a3
Bxc3+ 9.Qxc3 c6 10.e3 Qe7 11.Ne2 Bf5 12.Ng3 Bh7 13.Bd3 Bxd3 14.Qxd3 O-O 15.O-O
Nd7 16.f3 c5 17.Nf5 Qf6 18.dxc5 Nxc5 19.Qxd5 Rac8 20.Nd4 Rfd8 21.Qf5 Qb6
22.Rac1 g6 23.Qc2 Ne6 24.Qxc8 Rxc8 25.Rxc8+ Kh7 26.Rd1 Nxd4 27.exd4 Qxb2 28.d5
Qb6+ 29.Kh1 Qd6 30.Rc3 h5 31.Rb3 h4 32.h3 Kh6 33.Rxb7 f5 34.Rxa7 Kg5 35.Ra4
Qd7 36.Rc4 {#r} 1-0

[Event "Bundesliga (2nd) East 2001/02"]
[Site "masterchessopen.com Germany"]
[Round "6"]
[White "Rupp Markus (GER)"]
[Black "Wernert Wilfrid (GER)"]
[Result "0-1"]
[WhiteElo "2234"]
[BlackElo "2306"]

1.d4 Nf6 2.c4 e6 3.Nc3 Bb4 4.Qc2 d5 5.cxd5 exd5 6.Bg5 h6 7.Bh4 c5 8.dxc5 g5
9.Bg3 Ne4 10.e3 Qa5 11.Ne2 Bf5 12.Be5 f6 13.f3 fxe5 14.fxe4 Bxe4 15.Qd2 Na6
16.Rc1 Nxc5 17.Ng3 Rd8 18.a3 Bxc3 19.Qxc3 Qxc3+ 20.Rxc3 Rc8 21.b4 Nd3+ 22.Rxd3
Bxd3 23.Bxd3 Rc3 24.Kd2 Rxa3 25.e4 Ra2+ 26.Kc3 d4+ 27.Kc4 Rxg2 28.Kd5 Rd2
29.Bb5+ Kd8 30.Kxe5 Rb2 31.Kxd4 Rxb4+ 32.Kc5 Rb2 33.Nf5 Kc7 34.Bc4 a5 35.h4
gxh4 36.Bd5 a4 37.Rxh4 a3 38.Rh3 Ra8 39.Rxh6 Ra5+ 40.Kd4 Rxd5+ 41.exd5 a2
42.d6+ Kc6 43.Ne7+ Kd7 44.Nd5 a1=Q 45.Rh7+ Kxd6 46.Rh6+ Kd7 47.Rh7+ Kc6
48.Rh6+ Kb5 49.Nc3+ Ka5 {#R} 0-1

[Event "Ch Ukraine (juniors) (under 12)"]
[Site "masterchessopen.com Kramatorsk (Ukraine)"]
[Round "7"]
[White "Borsuk Konstantin (UKR)"]
[Black "Kravtsiv Martyn (UKR)"]
[Result "0-1"]
[WhiteElo "2231"]
[BlackElo "2160"]

1.d4 Nf6 2.c4 e6 3.Nc3 Bb4 4.Qc2 d5 5.cxd5 exd5 6.Bg5 h6 7.Bh4 O-O 8.a3 Be7
9.e3 c6 10.Bd3 Re8 11.Nf3 Ne4 12.Bxe7 Qxe7 13.Bxe4 dxe4 14.Nd2 Bf5 15.O-O Nd7
16.b4 Rac8 17.Na4 Nf6 18.Rfc1 Nd5 19.Nc3 Qe6 20.Rab1 Qg6 21.Kh1 Nf4 22.Rg1 Nd3
23.Nc4 Qe6 24.Nb2 Qb3 25.Rgc1 Nxc1 26.Qxc1 Qxa3 27.Nc4 Qxc1+ 28.Rxc1 Rcd8
29.Ra1 a6 30.Nb6 Bg6 31.Nca4 f5 32.g3 Bf7 33.Nc5 Re7 34.Kg2 g5 35.Rd1 Kg7
36.Rd2 Kf6 37.h3 Bd5 38.Kh2 Rc7 39.Rd1 Ke7 40.g4 fxg4 41.hxg4 Kd6 42.f3 Re7
43.fxe4 Bxe4 44.Ra1 Bd5 45.Ra3 Kc7 46.Nxd5+ cxd5 47.Kg3 Kb6 48.Kf3 Kb5 49.Ke2
Rde8 {#R} 0-1

[Event "It (open)"]
[Site "masterchessopen.com Las Vegas (USA)"]
[Round "7"]
[White "Baburin Alexander (IRL)"]
[Black "Brooks Michael A (USA)"]
[Result "1-0"]
[WhiteElo "2558"]
[BlackElo "2511"]

1.d4 Nf6 2.c4 e6 3.Nc3 Bb4 4.Qc2 d5 5.cxd5 exd5 6.Bg5 h6 7.Bxf6 Qxf6 8.a3
Bxc3+ 9.Qxc3 c6 10.e3 O-O 11.Ne2 Bf5 12.Ng3 Nd7 13.Be2 Qe6 14.O-O Bg6 15.b4 a6
16.a4 f5 17.b5 axb5 18.axb5 Nf6 19.Rfc1 Ne4 20.Nxe4 fxe4 21.Rxa8 Rxa8 22.bxc6
bxc6 23.Qxc6 Qxc6 24.Rxc6 Ra1+ 25.Bf1 Bh5 26.Rc2 g5 27.h3 g4 28.h4 Bf7 29.g3
Be6 30.h5 Kf7 31.Kg2 Rb1 32.Ba6 Rb6 33.Bc8 Kf6 34.Bxe6 Rxe6 35.Rc8 Rb6 36.Rd8
Rb5 37.Rg8 Kf5 38.Rg6 Ra5 39.Rxh6 {#r} 1-0

[Event "Ch Australia"]
[Site "masterchessopen.com Melbourne (Australia)"]
[Round "7"]
[White "Bjelobrk Igor (AUS)"]
[Black "Booth Stewart (AUS)"]
[Result "1-0"]
[WhiteElo "2279"]
[BlackElo "2180"]

1.d4 Nf6 2.c4 e6 3.Nc3 Bb4 4.Qc2 d5 5.cxd5 exd5 6.Bg5 c6 7.e3 Nbd7 8.Bd3 Nf8
9.Nf3 Ne6 10.Bh4 g6 11.O-O O-O 12.a3 Be7 13.b4 a6 14.Rfc1 Ng7 15.Bxf6 Bxf6
16.a4 Bf5 17.b5 cxb5 18.axb5 a5 19.Bxf5 Nxf5 20.Qb3 Ne7 21.b6 Ra6 22.Rab1 Qd6
23.Ne1 Nc8 24.Na4 Qb8 25.Qxd5 Bd8 26.Nc5 Rxb6 27.Nd7 Rxb1 28.Rxb1 Qd6 29.Qxd6
Nxd6 30.Nxf8 Kxf8 31.Kf1 b5 32.f3 a4 33.Ke2 Ba5 34.Nc2 Ke7 35.e4 f6 {#r} 1-0

[Event "Tournament (team) \"]
[Site "masterchessopen.com Slovenia"]
[Round "7"]
[White "Jokovic Dusan (SLO)"]
[Black "Gostisa Leon (SLO)"]
[Result "0-1"]
[WhiteElo "2169"]
[BlackElo "2421"]

1.d4 Nf6 2.c4 e6 3.Nc3 Bb4 4.Qc2 d5 5.cxd5 exd5 6.Nf3 O-O 7.Bg5 c5 8.a3 cxd4
9.axb4 dxc3 10.bxc3 Be6 11.e3 Nbd7 12.Bd3 Qb6 13.O-O Rac8 14.Rfc1 a6 15.Nd4
Rfe8 16.h3 Ne4 17.Bxe4 dxe4 18.Qxe4 Bxh3 19.Qh4 Be6 20.Ra5 Nf8 21.Qg3 Ng6
22.Bf4 Red8 23.Be5 f6 24.Nxe6 Qxe6 25.Bd4 Ne7 26.Qf3 Nc6 27.Raa1 Rd5 28.Rd1
Rcd8 29.g3 R8d7 30.Rab1 Qh3 31.Rbc1 h5 32.Qg2 Qg4 33.f3 Qg6 34.f4 Qg4 35.Re1
R5d6 36.Kh2 Qg6 37.Qc2 Qf7 38.Qe4 f5 39.Qf3 Rg6 40.Rc2 Rg4 41.Rg2 Re7 42.Rb1
Qc4 43.Qd1 h4 44.Rc1 Re6 45.gxh4 Rxh4+ 46.Kg1 Reh6 47.Kf2 Rh2 48.Bc5 Rxg2+
49.Kxg2 Qe4+ 50.Kg3 Rg6+ {#R} 0-1

[Event "It (open) (ELO)"]
[Site "masterchessopen.com Tampere (Finland)"]
[Round "2"]
[White "Taivainen Jukka (FIN)"]
[Black "Puuska Heini (FIN)"]
[Result "1-0"]
[WhiteElo "2265"]
[BlackElo "2039"]

1.d4 Nf6 2.c4 e6 3.Nc3 Bb4 4.Qc2 d5 5.cxd5 exd5 6.Bg5 h6 7.Bxf6 Qxf6 8.a3
Bxc3+ 9.Qxc3 O-O 10.e3 Bf5 11.Nf3 Nd7 12.Rc1 c5 13.dxc5 Qxc3+ 14.Rxc3 Rfc8
15.Nd4 Bg6 16.c6 bxc6 17.Nxc6 Kf8 18.Ba6 Rc7 19.Kd2 Nb8 20.Nxb8 Rxc3 21.Nd7+
Ke7 22.Kxc3 Kxd7 23.Bb7 Rb8 24.Bxd5 Rc8+ 25.Bc4 Kd6 26.Rd1+ Ke5 27.Rd5+ Ke4
28.Rd4+ Ke5 29.f4+ Kf5 30.h3 h5 31.g3 h4 32.g4+ Kf6 33.e4 Rc7 34.e5+ Ke7 35.f5
{#r} 1-0

[Event "It (open)"]
[Site "masterchessopen.com Bad Zwesten (Germany)"]
[Round "3"]
[White "Li Wenliang (CHN)"]
[Black "Kipper Jens (GER)"]
[Result "1-0"]
[WhiteElo "2422"]
[BlackElo "2359"]

{ } 1.d4 e6 2.c4 Nf6 3.Nc3 Bb4 4.Qc2 d5 5.cxd5 exd5 6.Bg5 c5 { ? } 7.Nf3 (
7.dxc5 h6 8.Bxf6 Qxf6 9.e3 O-O 10.Ne2 Nc6 11.a3 Bf5 12.Qd2 Bxc5 13.Nxd5 Qe5
14.Rc1 Bd6 15.Ng3 Rad8 16.Bc4 Be4 { ...1-0, Stohl Igor(2545) - Korchnoi
Viktor(2625), Tilburg 1993 It "Interpolis" } ) 7...h6 8.Bxf6 ( 8.Bh4 cxd4
9.Nxd4 Nc6 10.Nxc6 bxc6 11.e3 O-O 12.Rd1 Qd6 13.Be2 Ne4 14.O-O Qc5 15.Rc1 Bxc3
16.bxc3 Re8 17.c4 d4 { ...1/2-1/2, Anastasian Ashot(2520) - Balashov Yuri
S(2490), Moscow 1995 It "Victory-50" (a) } ) 8...Qxf6 9.e3 ( 9.a3 Ba5 10.e3
cxd4 11.Nxd4 Nc6 12.Rd1 Bg4 13.Be2 Nxd4 14.Rxd4 Bxc3+ 15.Qxc3 Bxe2 16.Kxe2 O-O
17.Rc1 Qf5 18.Qd3 Qh5+ { ...0-1, Dao Thien Hai(2531) - Kasparov Garry(2838),
Batumi 2001 Match "Europe-Asia" (active) } ) 9...Nc6 { N } ( 9...O-O 10.Be2
cxd4 11.Nxd4 Nc6 12.Rd1 Be6 13.O-O Rac8 14.Qa4 Qe7 15.Ncb5 Bd7 16.Qb3 a6
17.Nc3 Nxd4 18.Rxd4 Bxc3 19.bxc3 { ...1/2-1/2, Flear Glenn C(2505) - Emms John
M(2535), Oakham 1994 It (sheveningen) } ) 10.Bb5 { ?! } ( 10.dxc5 { !? }
10...O-O 11.a3 Bxc3+ 12.Qxc3 { } ) 10...cxd4 11.Nxd4 O-O 12.Bxc6 bxc6 13.O-O
Bg4 14.a3 Bd6 15.Nxc6 Bf3 { ? } ( 15...Bxh2+ { ! } 16.Kxh2 Qxc6 17.Qd2 Rfd8 {
} ) 16.Nd4 Bxh2+ { ? } ( 16...Bg4 { ! } 17.Qd3 Rfd8 18.h3 Be6 { } ) 17.Kxh2 {
? } ( 17.Kh1 { ! } 17...Bxg2+ 18.Kxg2 Be5 19.Rfd1 { } ) 17...Qh4+ 18.Kg1 Bxg2
19.f3 Bxf1 20.Rxf1 Qg5+ 21.Kf2 Rfe8 22.f4 Qh4+ 23.Ke2 Rab8 24.Kd2 Qh2+ 25.Kc1
Qh3 26.Rf3 Qh1+ 27.Qd1 Qg2 28.Qe2 Qg1+ 29.Qd1 Qg2 30.Qe2 Qg1+ 31.Kc2 { ? } (
31.Qd1 { !? } 31...Qg2 32.Qe2 Qg1+ 33.Qd1 { } ) 31...Rec8 32.f5 { ? } ( 32.Rf1
{ ! } 32...Qg6+ 33.f5 Qg3 34.Kd1 { } ) 32...Rxc3+ { ? } ( 32...Qa1 { ! }
33.Nb5 a6 34.Qd1 Qxd1+ { } ) 33.Kxc3 Qc1+ 34.Nc2 Rc8+ 35.Kb3 Rb8+ 36.Kc3 Rc8+
37.Kb3 Rb8+ { } {#r} 1-0

[Event "It (open)"]
[Site "masterchessopen.com Biel (Switzerland)"]
[Round "7"]
[White "Bozinovic Bogdan (CRO)"]
[Black "Gaspariants Garry (RUS)"]
[Result "1-0"]
[WhiteElo "2285"]
[BlackElo "2262"]

1.d4 Nf6 2.c4 e6 3.Nc3 Bb4 4.Qc2 d5 5.cxd5 exd5 6.Bg5 h6 7.Bh4 c5 8.dxc5 Nc6
9.e3 g5 10.Bg3 Qa5 11.Bd3 d4 12.exd4 Nxd4 13.Qd2 Nb3 14.Qe3+ Be6 15.Rd1 Ng4
16.Qe2 Bxc3+ 17.bxc3 Qxc3+ 18.Kf1 Nd4 19.Qe4 O-O-O 20.Ne2 Nxe2 21.Qc6+ {#r}
1-0

[Event "It (open)"]
[Site "masterchessopen.com Biel (Switzerland)"]
[Round "5"]
[White "Bozinovic Bogdan (CRO)"]
[Black "Paulsen Dirk (GER)"]
[Result "0-1"]
[WhiteElo "2285"]
[BlackElo "2390"]

1.d4 Nf6 2.c4 e6 3.Nc3 Bb4 4.Qc2 d5 5.cxd5 exd5 6.Bg5 c6 7.e3 Nbd7 8.Bd3 Nf8
9.Ne2 Ng6 10.Nf4 Be7 11.O-O-O O-O 12.h4 Re8 13.Nxg6 hxg6 14.f3 Be6 15.g4 Nd7
16.Bf4 Rc8 17.g5 c5 18.h5 Bxg5 19.Bxg5 Qxg5 20.f4 Qg3 21.Qd2 cxd4 22.exd4 Bf5
23.hxg6 fxg6 24.Rdg1 Qxd3 {#R} 0-1

[Event "Czech League 2002/03 (1st)"]
[Site "masterchessopen.com Czech Republic"]
[Round "7"]
[White "Plesek Jiri (CZE)"]
[Black "Tajovsky Martin (CZE)"]
[Result "1-0"]
[WhiteElo "2163"]
[BlackElo "2175"]

1.d4 Nf6 2.c4 e6 3.Nc3 Bb4 4.Qc2 d5 5.cxd5 exd5 6.a3 Bxc3+ 7.bxc3 Ne4 8.e3 O-O
9.Bd3 Re8 10.Ne2 Nd7 11.O-O c5 12.c4 cxd4 13.cxd5 Ndc5 14.Bc4 d3 15.Bxd3 Qxd5
16.Bc4 Qg5 17.f3 Nd6 18.e4 Qe7 19.Bd5 Nd7 20.Bb2 Nb6 21.Qc3 Qf8 22.Bb3 Be6
23.Bxe6 Rxe6 24.Nf4 Rh6 25.Qb3 Ndc4 26.Bc3 Qc5+ 27.Kh1 Qe3 28.Nd5 Nxd5 29.exd5
Qf4 30.h3 Nd6 31.Rae1 Rg6 32.Be5 Qg5 33.g4 h5 34.f4 Qh4 35.f5 Rh6 36.g5 Qxg5
37.Bf4 Qf6 38.Bxh6 Qxh6 39.f6 Rc8 40.Qg3 Ne8 41.fxg7 Qd2 42.Qf3 Nxg7 43.Qxf7+
Kh8 44.Re5 Qd3 45.Qf3 Qc2 46.Rg1 Rg8 47.Rxh5+ Nxh5 48.Qxh5+ Qh7 49.Rxg8+ {#r}
1-0

[Event "It (open)"]
[Site "masterchessopen.com Dubai (United Arab Emirates)"]
[Round "5"]
[White "Kayle Charles (PLE)"]
[Black "Sabri Kaveh (IRI)"]
[Result "0-1"]
[WhiteElo "2036"]
[BlackElo "2179"]

1.d4 Nf6 2.c4 e6 3.Nc3 Bb4 4.Qc2 d5 5.cxd5 exd5 6.Bg5 c5 7.Nf3 Nc6 8.a3 Bxc3+
9.bxc3 O-O 10.e3 cxd4 11.cxd4 Bg4 12.Be2 Rc8 13.Qd1 Qa5+ 14.Qd2 Ne4 15.Qxa5
Nxa5 16.Bh4 Nc3 17.Bd1 Bxf3 18.gxf3 Nxd1 19.Kxd1 Nb3 20.Rb1 Rc3 21.Ke2 Rfc8
22.Rhd1 Rc2+ 23.Ke1 R8c3 24.Be7 a5 25.Bc5 b5 26.Bd6 f6 27.Bc7 Kf7 28.Bg3 Ke6
29.Bc7 g5 30.h3 f5 31.Kf1 a4 32.Bd8 h6 33.Ke1 Ra2 34.Bb6 Rxa3 35.Rb2 Kd7
36.Bc5 Nxc5 37.dxc5 Rxc5 38.e4 fxe4 39.fxe4 Rxh3 40.Rxd5+ Rxd5 41.exd5 Rb3
{#R} 0-1

[Event "Ch France (team) (2) 2002/03"]
[Site "masterchessopen.com France"]
[Round "7"]
[White "Hareux Hubert (FRA)"]
[Black "Romieux Sebastien (FRA)"]
[Result "1-0"]
[WhiteElo "2259"]
[BlackElo "2222"]

1.d4 Nf6 2.c4 e6 3.Nc3 Bb4 4.Qc2 d5 5.cxd5 exd5 6.Bg5 O-O 7.e3 c6 8.Bd3 h6
9.Bh4 Re8 10.Ne2 a5 11.O-O g5 12.Bg3 Nbd7 13.a3 Bf8 14.h3 Qe7 15.Rac1 b5 16.a4
b4 17.Nb1 Bb7 18.Nd2 c5 19.dxc5 Nxc5 20.Nd4 Nfe4 21.Nxe4 dxe4 22.Bb5 Red8
23.Rfd1 Rac8 24.Qe2 Qf6 25.Qg4 Bd5 26.h4 Kh7 27.hxg5 Qxg5 28.Qh3 Qg6 29.Bh4 f6
30.Be2 Rc7 31.Bg4 Kh8 32.Ne2 Rg7 33.Bf5 Qf7 34.Bg3 Rg5 35.Nf4 Nxa4 36.Rc7 Qg8
37.Bh4 Nxb2 38.Bxg5 Qxg5 39.Rxd5 Rxd5 40.Nxd5 Nd3 41.Bxe4 {#r} 1-0

[Event "It (open)"]
[Site "masterchessopen.com Pfaeffikon (Switzerland)"]
[Round "7"]
[White "Raupp Thomas (GER)"]
[Black "Mitkov Nikola (MKD)"]
[Result "0-1"]
[WhiteElo "2350"]
[BlackElo "2539"]

1.d4 Nf6 2.c4 e6 3.Nc3 Bb4 4.Qc2 d5 5.cxd5 exd5 6.Bg5 h6 7.Bxf6 Qxf6 8.a3 Ba5
9.e3 Qd8 10.Nf3 O-O 11.b4 Bb6 12.Be2 c6 13.O-O Qd6 14.e4 dxe4 15.Nxe4 Qd8
16.Nc5 Nd7 17.Rad1 a5 18.Bc4 axb4 19.axb4 Qf6 20.Rfe1 Bc7 21.Ne4 Qf4 22.Re3
Nb6 23.g3 Qg4 24.h3 Qf5 25.Nh4 Qh5 26.Be2 Qd5 27.Nc3 Qg5 28.Ne4 Qd8 29.Nc5 Nd5
30.Rb3 Nf4 31.Bg4 Nxh3+ 32.Bxh3 Bxh3 33.Nxb7 Qd5 {#R} 0-1

[Event "Cup Mitropa"]
[Site "masterchessopen.com Pula (Croatia)"]
[Round "4"]
[White "Schenk Andreas (GER)"]
[Black "Huss Andreas (SUI)"]
[Result "1-0"]
[WhiteElo "2494"]
[BlackElo "2332"]

1.d4 e6 2.c4 Nf6 3.Nc3 Bb4 4.Qc2 d5 5.cxd5 exd5 6.Bg5 h6 7.Bh4 c5 8.dxc5 Nc6
9.e3 g5 10.Bg3 Qa5 11.Ne2 Bxc5 12.Nc1 Nb4 13.Qd1 Bf5 14.Bb5+ Ke7 15.O-O Rhd8
16.a3 Nc2 17.b4 Bxb4 18.Nb3 Bxc3 19.Nxa5 Bxa5 20.Ra2 Rac8 21.Ba4 {#r} 1-0

[Event "Ch St. Petersburg"]
[Site "masterchessopen.com St. Petersburg (Russia)"]
[Round "7"]
[White "Popov Valerij (RUS)"]
[Black "Loginov Valery A (RUS)"]
[Result "1-0"]
[WhiteElo "2583"]
[BlackElo "2509"]

{ Popov Valerij (RUS) +1 =0 -0 Loginov Valery A (RUS) +1 =0 -2 Popov Valerij
(RUS)-Loginov Valery A (RUS) +1 =0 -0 } 1.d4 { 1 } 1...Nf6 2.c4 e6 3.Nc3 Bb4
4.Qc2 d5 5.cxd5 exd5 6.Bg5 h6 7.Bh4 c5 8.dxc5 Nc6 ( 8...g5 9.Bg3 Ne4 10.e3 Qa5
11.Ne2 Bf5 12.Be5 f6 ( 12...O-O 13.Nd4 Bg6 14.Nb3 Nxc3 15.Bxc3 Bxc2 16.Nxa5
Bxc3+ 17.bxc3 b6 18.Kd2 bxa5 19.Kxc2 Rc8 20.h4 Nd7 21.hxg5 Nxc5 22.gxh6 Ne4
23.c4 Nxf2 24.Rh4 f5 25.Rd4 dxc4 26.Bxc4+ Kh7 27.Rf1 Ng4 28.Kd2 { ...1-0,
Kasparov Garry 2805 - Short Nigel D 2655 , London 1993 Ch World (match) (PCA)
} ) 13.Bxb8 Rxb8 14.Nd4 Nxc3 15.Qxf5 Ne4+ 16.Ke2 Qxc5 17.a3 Ba5 18.Qe6+ Qe7
19.Qxd5 Qe5 20.Qxe5+ fxe5 21.Nb3 Bb6 22.Nd2 Nxd2 23.Kxd2 Rf8 24.Bb5+ Ke7
25.Ke2 Rf6 26.Rac1 Rd8 27.Rc2 Rfd6 28.h4 { ...1-0, Popov Valerij 2578 -
Loginov Valery A 2513 , Kazan 2001 Cup Russia (final) (cat.12) } ) 9.e3 g5 (
9...O-O 10.Nf3 Bxc5 11.Bxf6 Qxf6 12.Nxd5 { } ) 10.Bg3 Ne4 { ? } 11.Bb5 (
11.Nf3 Qf6 12.Bb5 Nxc3 13.Bxc6+ bxc6 14.a3 g4 15.Be5 Ne4+ 16.axb4 Qf5 17.Bxh8
gxf3 18.Rg1 Qg4 19.Qd1 Ng5 20.Qd4 Ne4 21.Qe5+ Be6 22.Qf4 Qg6 23.Qxf3 f6 24.Qf4
Kf7 25.f3 Ng5 26.Kd2 Qf5 27.h4 Qxf4 28.exf4 Nh7 29.g4 { 1-0, Kasparov Garry
2800 - Spassky Boris V 2560 , Linares 1990 It (cat.16) } ) ( 11.Bd3 Nxc3
12.bxc3 { } ) 11...Qa5 12.Bxc6+ { } 12...bxc6 13.Ne2 Bxc3+ { N ?! } ( 13...Bf5
{ !? } 14.Qc1 Nxc3 { 1/2-1/2, Hoffmann Michael 2470 - Farago Ivan 2510 ,
Lippstadt 1994 It } ( 14...O-O 15.O-O Nxc3 { } ) ) 14.Nxc3 Qxc5 15.Rc1 Nxc3
16.Be5 O-O 17.Bxc3 Ba6 { ?! } ( 17...Qb5 { !? } 18.Qd1 Qc4 19.Bd4 Qb4+ { } )
18.h4 { ! } ( 18.Qd2 { ? } 18...Rfc8 19.b3 Qb5 20.Be5 { } ) 18...Rfe8 { ?? } (
{ ? } 18...g4 19.Qf5 Qc4 20.Rc2 Qe4 { } ) 19.hxg5 d4 20.Rxh6 { ! } ( 20.g6 { ?
} 20...dxc3 21.gxf7+ Kxf7 22.Qh7+ { } ) 20...dxc3 21.Qh7+ Kf8 22.Qh8+ Ke7
23.Qf6+ Kd7 24.Rxc3 Bc4 25.Rh4 { } {#r} 1-0

[Event "It (cat.4)"]
[Site "masterchessopen.com Villeurbanne (France)"]
[Round "6"]
[White "Carlhammar Magnus (SWE)"]
[Black "Kosten Anthony C (FRA)"]
[Result "0-1"]
[WhiteElo "2298"]
[BlackElo "2519"]

1.d4 Nf6 2.c4 e6 3.Nc3 Bb4 4.Qc2 d5 5.cxd5 exd5 6.Bg5 c5 7.dxc5 h6 8.Bh4 g5
9.Bg3 Ne4 10.e3 Qa5 11.Be5 O-O 12.Bd3 Nc6 13.Bxe4 Nxe5 14.Bxd5 Bg4 15.Bxb7
Rad8 16.Be4 Nc4 17.Rc1 Nxb2 18.f3 Nc4 19.Ne2 Nxe3 20.Qb1 Be6 21.Kf2 f5 {#R}
0-1

[Event "It (open)"]
[Site "masterchessopen.com Bad Woerishofen (Germany)"]
[Round "2"]
[White "Dittmar Peter (GER)"]
[Black "Gerhards Walter (GER)"]
[Result "1-0"]
[WhiteElo "2359"]
[BlackElo "2005"]

1.d4 Nf6 2.c4 e6 3.Nc3 Bb4 4.Qc2 d5 5.cxd5 exd5 6.Bg5 O-O 7.e3 h6 8.Bxf6 Qxf6
9.Bd3 c6 10.Ne2 Nd7 11.O-O Re8 12.Rad1 Qg5 13.a3 Bf8 14.e4 dxe4 15.Nxe4 Qd8
16.N2c3 Nf6 17.Nxf6+ Qxf6 18.d5 Bg4 19.f3 Bd7 20.Ne4 Qd4+ 21.Kh1 Qb6 22.d6
Rad8 23.Nc5 a5 24.Bc4 Be6 25.Nxe6 fxe6 26.Qg6 Qxb2 27.Bxe6+ Rxe6 28.Qxe6+ Kh8
29.d7 Qxa3 30.Qe8 Qe7 31.Rfe1 Qf6 32.Qxd8 {#r} 1-0

[Event "Hessenliga 2002/03"]
[Site "masterchessopen.com Germany"]
[Date "2003.03.16"]
[Round "8"]
[White "Goeke Bernd (GER)"]
[Black "Sehn Norbert Dr (GER)"]
[Result "0-1"]
[WhiteElo "2076"]
[BlackElo "2076"]

1.d4 Nf6 2.c4 e6 3.Nc3 Bb4 4.Qc2 d5 5.cxd5 exd5 6.Bg5 h6 7.Bh4 O-O 8.e3 c6
9.Bd3 Be6 10.Ne2 Nbd7 11.O-O Qe8 12.f3 c5 13.a3 Bxc3 14.Qxc3 c4 15.Bc2 b5
16.Rae1 Qb8 17.e4 Kh8 18.e5 Ng8 19.f4 f5 20.exf6 Ndxf6 21.f5 Bf7 22.Nf4 a5
23.Qf3 Qb6 24.Bf2 Rfe8 25.Re5 b4 26.g4 bxa3 27.bxa3 Qb2 28.Qe2 Nxg4 29.Qxg4
Qxc2 30.Rfe1 Nf6 31.Qf3 Qb3 32.R5e3 Rxe3 33.Rxe3 Qb1+ 34.Kg2 Qxf5 35.Re7 Ne4
36.Bh4 g5 {#R} 0-1

[Event "Dos Hermanas Qualifier (17-A)"]
[Site "masterchessopen.com Internet"]
[Date "2003.03.17"]
[Round "5"]
[White "Andrews Todd D (USA)"]
[Black "Dobrev Nanko (BUL)"]
[Result "1-0"]
[WhiteElo "2283"]
[BlackElo "2416"]

1.d4 Nf6 2.c4 e6 3.Nc3 Bb4 4.Qc2 d5 5.cxd5 exd5 6.Bg5 h6 7.Bh4 c5 8.dxc5 g5
9.Bg3 Ne4 10.e3 Bf5 11.Bxb8 Nxc3 12.Qxf5 Ne4+ 13.Ke2 Qxb8 14.Qxd5 Nf6 15.Qd4
Bxc5 16.Qxf6 O-O 17.Nf3 Qe8 18.Nxg5 Be7 19.Ne4 Qb5+ 20.Kf3 Qb4 21.Qxh6 f5
22.Qg6+ Kh8 23.Ng3 Rf6 24.Qh5+ Kg7 25.Bd3 Rh8 26.Qg5+ Kf7 27.Nxf5 Rg8 28.Qh5+
Ke6 29.Rhd1 Qc5 30.g4 Qd5+ 31.Be4 Qb5 32.Bd5+ {#r} 1-0

[Event "It (open)"]
[Site "masterchessopen.com Lugano (Switzerland)"]
[Round "1"]
[White "Rossi Giampiero (ITA)"]
[Black "Mason G"]
[Result "1-0"]
[WhiteElo "2022"]
[BlackElo "1522"]

1.d4 Nf6 2.c4 e6 3.Nc3 Bb4 4.Qc2 d5 5.cxd5 exd5 6.Bg5 Bxc3+ 7.Qxc3 c6 8.e3 Ne4
9.Bxd8 Nxc3 10.Bh4 Na4 11.h3 Nb6 12.Bd3 O-O 13.Ne2 N8d7 14.O-O f6 15.Nc3 f5
16.f3 Nf6 17.Bxf6 Rxf6 18.e4 Be6 19.Rae1 Nd7 20.exd5 Bxd5 21.Nxd5 cxd5 22.Re7
Rd8 23.Rfe1 g6 24.Bb5 Rf7 25.Bxd7 Rxd7 26.Rxd7 Rxd7 27.Re5 Kf7 28.f4 a6 29.Kf2
Re7 30.Ke3 a5 31.a4 h5 32.h4 Kf6 {#r} 1-0

[Event "Ch France (team) (2) 2003/04"]
[Site "masterchessopen.com France"]
[Date "2003.11.15"]
[Round "2"]
[White "Gerard Nicolas (FRA)"]
[Black "Alet Jean-Pierre (FRA)"]
[Result "1-0"]
[WhiteElo "2323"]
[BlackElo "2206"]

1.d4 Nf6 2.c4 e6 3.Nc3 Bb4 4.Qc2 d5 5.cxd5 exd5 6.Bg5 h6 7.Bh4 Nc6 8.e3 g5
9.Bg3 Ne4 10.Bd3 Bf5 11.Ne2 Qe7 12.a3 Bxc3+ 13.Nxc3 O-O-O 14.Nxe4 Bxe4 15.Bxe4
Qxe4 16.Qxe4 dxe4 17.Rc1 f5 18.Rc5 Nxd4 19.Rxc7+ Kb8 20.Be5 {#r} 1-0